| 000 | 00782nam a2200217 a 4500 | ||
|---|---|---|---|
| 999 |
_c8227 _d8227 |
||
| 001 | 8227 | ||
| 003 | BD-JhCC | ||
| 005 | 20180219190853.0 | ||
| 008 | 180219b1989 bg |||| ||a| 000 0 ben d | ||
| 035 | _a(BD-JhCC) 8227 | ||
| 040 |
_aBD-JhCC _dBD-JhCC |
||
| 041 | _aben | ||
| 082 |
_a297.1228 _bANW 1989 |
||
| 100 | _aআনওয়ারী, এ কে এম ফজলুর রহমান | ||
| 245 |
_aনাফেউল খালায়েক বা আমালিয়াতে কোরআন / _c এ কে এম ফজলুর রহমান আনওয়ারী |
||
| 260 |
_aঢাকা : _bদি তাজ পাবলিশিং হাউস , _c1989 |
||
| 300 |
_averious p : . _c24 cm . |
||
| 650 | _aAl-Quran | ||
| 942 |
_2ddc _cBK |
||